Tiếng Anh giao dịch qua điện thoại

Kaydedildi:
Detaylı Bibliyografya
Materyal Türü: Kitap
Dil:Undetermined
Baskı/Yayın Bilgisi: Thành phố Hồ Chí Minh Nxb. Thành phố Hồ Chí Minh
Konular:
Etiketler: Etiketle
Etiket eklenmemiş, İlk siz ekleyin!
Thư viện lưu trữ: Trung tâm Học liệu Trường Đại học Cần Thơ
LEADER 00645nam a2200181Ia 4500
001 CTU_88495
008 210402s9999 xx 000 0 und d
020 |c 15000 
082 |a 428.24 
082 |b T306/CD.2 
245 0 |a Tiếng Anh giao dịch qua điện thoại 
260 |a Thành phố Hồ Chí Minh 
260 |b Nxb. Thành phố Hồ Chí Minh 
650 |a English language,English language,Listening 
650 |x Spoken english,Problems, exercises, etc,Textbooks for foreign speakers,Problems, exercises, etc 
904 |i M.Loan,Hải 
915 |a 400 
980 |a Trung tâm Học liệu Trường Đại học Cần Thơ